Xã hội học kinh tế Sách chuyên khảo
Đối tượng, nhiệm vụ và phương pháp nghiên cứu xã hội học kinh tế. Sự ra đời của xã hội học kinh tế; thể chế và sự phối hợp hành vi; hành vi kinh tế và thể chế xã hội cùng một số bài tập thực hành
Wedi'i Gadw mewn:
| Prif Awdur: | |
|---|---|
| Fformat: | Llyfr |
| Iaith: | Vietnamese |
| Cyhoeddwyd: |
H.
Đại học Quốc gia
2009
|
| Pynciau: | |
| Tagiau: |
Ychwanegu Tag
Dim Tagiau, Byddwch y cyntaf i dagio'r cofnod hwn!
|
| Thư viện lưu trữ: | Mạng thư viện Đại học Đà Nẵng |
|---|
| LEADER | 01389nam a2200361 4500 | ||
|---|---|---|---|
| 001 | 000007334 | ||
| 003 | 3495 | ||
| 005 | 20111003091011.0 | ||
| 008 | 110929s2009 viesd | ||
| 020 | |c 44500đ | ||
| 041 | 0 | |a vie | |
| 082 | |a 330 |b LÊ-H | ||
| 100 | 0 | |a Lê Ngọc Hùng | |
| 245 | 0 | |a Xã hội học kinh tế |b Sách chuyên khảo |c Lê Ngọc Hùng | |
| 260 | |a H. |b Đại học Quốc gia |c 2009 | ||
| 300 | |a 377 tr |b bảng |c 21 cm | ||
| 504 | |a Thư mục tr: 355-377 | ||
| 520 | |a Đối tượng, nhiệm vụ và phương pháp nghiên cứu xã hội học kinh tế. Sự ra đời của xã hội học kinh tế; thể chế và sự phối hợp hành vi; hành vi kinh tế và thể chế xã hội cùng một số bài tập thực hành | ||
| 653 | |a Xã hội học | ||
| 653 | |a Kinh tế | ||
| 653 | |a Giáo trình | ||
| 700 | |a Lê Ngọc Hùng | ||
| 910 | |a Nguyễn Thị Kim Oanh |d 29/09/2011 | ||
| OWN | |a LSP | ||
| AVA | |a UDN50 |b LSP |d 330 LÊ-H |e check_holdings |t Error 5003 Not defined in file expand_doc_bib_avail. |h N |k 1 | ||
| 999 | |a From the UDN01 | ||
| AVA | |a UDN50 |b LSP |d 330 LÊ-H |e available |t Error 5001 Not defined in file expand_doc_bib_avail. |f 20 |g 0 |h N |i 0 |k 1 | ||
| TYP | |a Monograph | ||
| TYP | |a Printed language | ||
| 980 | |a Mạng thư viện Đại học Đà Nẵng | ||